[Event "Trofeo Cabildo"]
[Site "Las Palmas ESP"]
[Date "2009.04.12"]
[Round "9"]
[White "Camino Carrio,N"]
[Black "Angel Acosta,J"]
[Result "1-0"]
[WhiteElo "2169"]
[BlackElo "2227"]

1.e4 c5 2.Nf3 e6 3.d4 cxd4 4.Nxd4 Nc6 5.Nc3 a6 6.Be3 Nf6 7.Qd2 Bb4 8.Bd3 Ne5
9.a3 Be7 10.Be2 Qc7 11.Bf4 d6 12.Nb3 O-O 13.O-O-O b5 14.g4 Bb7 15.f3 Rfd8
16.g5 Nfd7 17.h4 Nb6 18.Na5 Nbc4 19.Nxc4 Nxc4 20.Bxc4 Qxc4 21.Qe3 Qc6 22.g6 hxg6
23.h5 Qc5 24.Qd2 gxh5 25.Be3 Qc7 26.Rxh5 Bf6 27.Qh2 Kf8 28.Bg5 Bxg5+ 29.Rxg5 g6
30.Rxg6 Qc5 31.Qh8+ Ke7 32.Qf6+ Ke8 33.Rg7 Qh5 34.Rdg1  1-0

[Event "Arnold Eikrem Memorial"]
[Site "Oslo NOR"]
[Date "2009.04.12"]
[Round "9"]
[White "Macieja,B"]
[Black "Ogaard,L"]
[Result "1/2-1/2"]
[WhiteElo "2601"]
[BlackElo "2403"]

1.e4 c5 2.Nf3 e6 3.d4 cxd4 4.Nxd4 Nc6 5.Nc3 a6 6.Be2 Qc7 7.Be3 Nf6 8.a3 Be7
9.f4 O-O 10.e5 Ne8 11.Qd2 f6 12.exf6 Nxf6 13.g4 Nxd4 14.Bxd4 Bd6 15.Rf1 b5
16.O-O-O Ne8 17.f5 Bb7 18.Qe3 exf5 19.gxf5 Nf6 20.Bb6 Qb8 21.Kb1 Be5 22.h4 Kh8
23.h5 h6 24.Rg1 Qe8 25.Rge1 d6  1/2-1/2

[Event "Sydney International Open"]
[Site "Parramatta AUS"]
[Date "2009.04.17"]
[Round "6"]
[White "Swathi,G"]
[Black "Neelotpal,D"]
[Result "1/2-1/2"]
[WhiteElo "2330"]
[BlackElo "2514"]

1.e4 c5 2.Nf3 e6 3.d4 cxd4 4.Nxd4 Nc6 5.Nc3 d6 6.Be2 Nf6 7.O-O Be7 8.Be3 O-O
9.f4 a6 10.a4 Qc7 11.Kh1 Re8 12.Nf3 b6 13.Bd3 Bb7 14.Qe1 Nb4 15.Rc1 e5 16.fxe5 dxe5
17.Qg3 Rad8 18.Qxe5 Qxe5 19.Nxe5 Bc5 20.Bxc5 bxc5 21.Nc4 Nxe4 22.Na5 Ba8
23.Nxe4 Bxe4 24.Bxe4 Rxe4 25.Rcd1 Rxd1 26.Rxd1 g6 27.Nb3 Re2 28.c3 Nd3 29.Kg1 c4
30.Na5 Nxb2 31.Rd4 Rc2 32.Nxc4 Nxa4 33.Ne5 Nxc3 34.Rd8+ Kg7 35.Rd7 Kf6 36.Nxf7 Ne4
37.h4 a5 38.Ng5 Rc1+ 39.Kh2 Nxg5 40.hxg5+ Ke5 41.Rxh7 a4 42.Ra7 Ra1 43.Kg3 a3
44.Kg4 Kd4 45.Ra6 a2 46.Ra8 Ke3 47.Kg3 Ke2 48.Re8+ Kd2 49.Rd8+ Kc2 50.Rc8+  1/2-1/2

[Event "ch-AZE U20"]
[Site "Baku AZE"]
[Date "2009.04.18"]
[Round "5"]
[White "Bajarani,U"]
[Black "Jafarli,A"]
[Result "1-0"]
[WhiteElo "2331"]
[BlackElo "2231"]

1.e4 c5 2.Nf3 e6 3.d4 cxd4 4.Nxd4 Nc6 5.Nc3 Qc7 6.Be2 a6 7.O-O Nf6 8.Be3 Bb4
9.Na4 Be7 10.Nxc6 bxc6 11.Bb6 Qf4 12.Bd3 d5 13.g3 Qb8 14.exd5 cxd5 15.Be3 Qd6
16.Nb6 Rb8 17.c4 O-O 18.c5 Qc6 19.Bf4 Rb7 20.b4 Nd7 21.Nxd7 Bxd7 22.Rb1 Bf6
23.Bd6 Ra8 24.Re1 g6 25.a3 Bg7 26.Re3 f6 27.Bc2 Bf8 28.Bxf8 Rxf8 29.f4 Kg7
30.Qd4 Rc7 31.g4 Qa8 32.f5 Re8 33.fxg6 e5 34.Qd3 h6 35.Rh3 Bxg4 36.Rh4 h5
37.h3 e4 38.Qg3 Re5 39.hxg4 Qc8 40.Rxh5 Rxh5 41.gxh5 Re7 42.Rf1 Re5 43.h6+ Kxh6
44.g7 Rg5 45.Rxf6+  1-0

[Event "TCh-NED 2008-9"]
[Site "Netherlands NED"]
[Date "2009.04.18"]
[Round "8"]
[White "Kuipers,S"]
[Black "Ootes,La"]
[Result "1/2-1/2"]
[WhiteElo "2321"]
[BlackElo "2223"]

1.e4 c5 2.Nf3 e6 3.d4 cxd4 4.Nxd4 Nc6 5.Nc3 Qc7 6.Be3 a6 7.Qd2 Nf6 8.O-O-O Be7
9.f3 h5 10.h3 b5 11.Bd3 Ne5 12.g4 d6 13.g5 Nfd7 14.g6 Nxg6 15.Rhg1 Nge5 16.Rxg7 b4
17.Nce2 Bf6 18.Rg2 Nc5 19.Kb1 Na4 20.Bb5+ axb5 21.Nxb5 Qa5 22.Nxd6+ Kf8 23.Bh6+ Rxh6
24.Qxh6+ Ke7 25.Rg8 Bd7 26.Rxa8 Qxa8 27.f4 Nxb2 28.fxe5 Bxe5 29.Qg5+ Bf6
30.Nf5+ exf5 31.Rxd7+ Kxd7 32.Qxf6 Qxe4 33.Qxf7+ Kc6 34.Qf6+ Kc5 35.Qf8+ Kb5
36.Qxf5+ Qxf5 37.Nd4+ Kc4 38.Nxf5 Nd1 39.h4 Nc3+ 40.Kb2 Ne2 41.Ne3+ Kc5 42.Kb3 Nc1+
43.Kb2 Ne2 44.Kb3  1/2-1/2

[Event "Sydney International Open"]
[Site "Parramatta AUS"]
[Date "2009.04.18"]
[Round "8"]
[White "Deepan,C"]
[Black "Swathi,G"]
[Result "1-0"]
[WhiteElo "2482"]
[BlackElo "2330"]

1.Nf3 c5 2.e4 e6 3.d4 cxd4 4.Nxd4 Nc6 5.Nc3 d6 6.Be3 Nf6 7.f3 a6 8.Qd2 Qc7
9.O-O-O Nd7 10.g4 Nde5 11.Qf2 Bd7 12.Kb1 b5 13.Nxc6 Bxc6 14.Rg1 b4 15.Ne2 Nc4
16.Bc1 d5 17.Nd4 Bb7 18.exd5 Bxd5 19.f4 Bc5 20.Bxc4 Bxc4 21.Be3 Rc8 22.b3 Bd5
23.Nf5 g6 24.Bxc5 Qxc5 25.Qxc5 Rxc5 26.Ne3 Ke7 27.Rd4 Rb8 28.Rg3 Bc6 29.g5 e5
30.fxe5 Rxe5 31.Rh4 Rbb5 32.Rc4 Bd7 33.h4 Rec5 34.Kb2 Be6 35.Re4 Re5 36.Rf4 a5
37.a3 Kf8 38.axb4 axb4 39.Rgf3 Kg7 40.Nc4 Re1 41.Rf1 Rxf1 42.Rxf1 Rf5 43.Rxf5 gxf5
44.Ne5 f4 45.Kc1 Bf5 46.Kd2 f6 47.gxf6+ Kxf6 48.Nc6 Kg6 49.Ne7+ Kf6 50.Nd5+ Ke5
51.Nxb4 Ke4 52.Ke2 Kd4 53.Kf3 Kc3 54.Kxf4 Bg6 55.Nd5+ Kxc2 56.b4 Be8 57.Nc7  1-0

[Event "ch-AZE U20"]
[Site "Baku AZE"]
[Date "2009.04.19"]
[Round "6"]
[White "Durarbeyli,V"]
[Black "Rasulov,Vu"]
[Result "0-1"]
[WhiteElo "2458"]
[BlackElo "2488"]

1.e4 c5 2.Nf3 e6 3.d4 cxd4 4.Nxd4 Nc6 5.Nc3 Qc7 6.Be3 a6 7.Qd2 Nf6 8.O-O-O Bb4
9.f3 Ne5 10.Nb3 b5 11.Qe1 Be7 12.f4 Ng6 13.e5 Ng4 14.Ne4 Nxe3 15.Qxe3 O-O
16.h4 f5 17.h5 Nxe5 18.h6 Ng4 19.Qd4 Nxh6 20.Ng5 Bf6 21.Qd2 Qb6 22.Kb1 a5
23.g3 Bb7 24.Rh5 Bd5 25.Bg2 Bxg2 26.Qxg2 a4 27.Nc1 Qc7 28.Qh1 a3 29.Rxh6 gxh6
30.Qxh6 Bxg5 31.Qxg5+ Kh8 32.Qe7 Qd8 33.Qb4 Qc7 34.bxa3 Kg8 35.Nb3 Rab8 36.Rd2 Rf7
37.Rd3 Rg7 38.Rc3 Qb7 39.Kb2 h5 40.Nc5 Qb6 41.Rd3 Qc6 42.Qd4 Rc8 43.Rc3 Qd5
44.Qb4 Qd6 45.Kc1 Kh7 46.Qxb5 Qd5 47.Qe2 Kh6 48.Qe3 Qxa2 49.a4 h4 50.Qd4 Kh7
51.Qf6 Rxc5 52.Qxh4+ Kg6 53.Qg5+ Kf7 54.Qh5+ Ke7 55.Qh4+ Kd6 56.Rd3+ Kc7
57.c3  0-1

[Event "Sydney International Open"]
[Site "Parramatta AUS"]
[Date "2009.04.19"]
[Round "9"]
[White "Schon,E"]
[Black "Bjelobrk,I"]
[Result "1/2-1/2"]
[WhiteElo "2186"]
[BlackElo "2332"]

1.e4 c5 2.Nf3 e6 3.d4 cxd4 4.Nxd4 Nc6 5.Nc3 Qc7 6.Be3 a6 7.Qd2 Nf6 8.O-O-O Bb4
9.f3 Ne5 10.Nb3 b5 11.Qd4 Nc6 12.Qb6 Qxb6 13.Bxb6 Bxc3 14.bxc3 d5 15.Be2 dxe4
16.fxe4 Nd7 17.Bc7 Bb7 18.c4 bxc4 19.Bxc4 Rc8 20.Bg3 Nce5 21.Bd3 Nxd3+ 22.Rxd3 Bxe4
23.Rd2 Nb6 24.Re1 Bg6 25.Na5 O-O 26.Ree2 h5 27.Rd6 Nc4 28.Rxa6 Nxa5 29.Rxa5 Rc6
30.Be1 Rfc8 31.c3 Rb8 32.Rb2 Rcb6 33.Rb4 Rxb4 34.cxb4 Rc8+ 35.Rc5 Rxc5+  1/2-1/2

[Event "PWC Open"]
[Site "Toronto CAN"]
[Date "2009.04.19"]
[Round "4"]
[White "Yuan Yuanling"]
[Black "Peng,D"]
[Result "0-1"]
[WhiteElo "2203"]
[BlackElo "2245"]

1.e4 c5 2.Nf3 e6 3.d4 cxd4 4.Nxd4 Nc6 5.Nc3 a6 6.Be3 Qc7 7.Be2 Nf6 8.O-O Bb4
9.Nxc6 bxc6 10.a3 Be7 11.f4 d5 12.Bf3 Rb8 13.Rb1 O-O 14.Qe2 Bb7 15.e5 Nd7
16.Nd1 a5 17.Nf2 Nb6 18.Nd3 c5 19.c3 Ba6 20.Rfd1 Nc4 21.Bf2 Rb7 22.Qc2 Rfb8
23.Re1 g6 24.g4 Rb3 25.Rec1 Qb6 26.Bd1 Nxa3 27.Qxb3 Qxb3 28.Bxb3 Nxb1 29.Nxc5 Bxc5
30.Bxc5 Nd2 31.Bd1 Rxb2 32.Rc2 Nc4 33.Kf2 a4 34.Ke1 Rb1 35.Be7 Bb5 36.Rf2 a3  0-1

[Event "VI Magistral Hebraica"]
[Site "Sao Paulo BRA"]
[Date "2009.04.20"]
[Round "1"]
[White "Rodi,L"]
[Black "Duarte,Le"]
[Result "0-1"]
[WhiteElo "2357"]
[BlackElo "2341"]

1.e4 c5 2.Nf3 e6 3.d4 cxd4 4.Nxd4 Nc6 5.Nc3 Qc7 6.Be3 a6 7.Qd2 Nf6 8.O-O-O Nxd4
9.Bxd4 e5 10.Be3 Bb4 11.f3 d6 12.a3 Bxc3 13.Qxc3 Qxc3 14.bxc3 Ke7 15.Bb6 Be6
16.Bc7 Ne8 17.Ba5 Rc8 18.Bb4 Rc6 19.Be2 Nc7 20.Rd2 Rd8 21.Rhd1 b5 22.f4 f6
23.f5 Bf7 24.Kb2 Na8 25.a4 bxa4 26.c4 Bxc4 27.Rxd6 Rdxd6 28.Rxd6 Rxd6 29.Bxc4 a5
30.Bc5 Kd7 31.Bb5+ Kc7 32.Bxd6+ Kxd6 33.Bxa4 Kc5 34.Kc3 Nc7 35.Bb3 Nb5+ 36.Kd3 Kb4
37.Bd5 Nc3 38.Bg8 h6  0-1

[Event "16th ch-Asian Cities Dubai Cup"]
[Site "Beirut LIB"]
[Date "2009.04.21"]
[Round "7"]
[White "Haj Bakkor,M"]
[Black "Albonni,A"]
[Result "1/2-1/2"]
[WhiteElo "2181"]
[BlackElo "2202"]

1.e4 c5 2.Nf3 e6 3.d4 cxd4 4.Nxd4 Nc6 5.Nc3 Nf6 6.Nxc6 bxc6 7.e5 Nd5 8.Ne4 Qc7
9.f4 Qa5+ 10.Bd2 Qb6 11.Bd3 Be7 12.a3 Ne3 13.Qe2 Qxb2 14.Kf2 Nd5  1/2-1/2

[Event "VI Magistral Hebraica"]
[Site "Sao Paulo BRA"]
[Date "2009.04.23"]
[Round "4"]
[White "Diamant,A"]
[Black "Duarte,Le"]
[Result "1/2-1/2"]
[WhiteElo "2506"]
[BlackElo "2341"]

1.e4 c5 2.Nf3 e6 3.d4 cxd4 4.Nxd4 Nc6 5.Nc3 Qc7 6.Be2 a6 7.O-O Nf6 8.Be3 Bb4
9.Na4 Be7 10.Nxc6 bxc6 11.Nb6 Rb8 12.Nxc8 Qxc8 13.Bd4 c5 14.Be5 Rb6 15.Qd3 d6
16.Bc3 O-O 17.b3 d5 18.exd5 Nxd5 19.Be5 Bf6 20.Bxf6 Nxf6 21.Qg3 Qb8 22.Qxb8 Rfxb8
23.Rfd1 Kf8 24.Rd2 a5 25.a4 Ke7 26.Rad1 R8b7 27.Bb5 Nd5 28.Rd3 Nb4 29.Rd7+ Kf6
30.R7d2 Nc6 31.c3 Na7 32.Bc4 Nc8 33.Rd8 Rc7 34.Bb5 Na7 35.c4 Nc8 36.f3 Ke5
37.Kf2 g5 38.g3 f5 39.Rg8 Rd6 40.Rc1  1/2-1/2

[Event "zt 3.5 Men"]
[Site "Beijing CHN"]
[Date "2009.04.24"]
[Round "7"]
[White "Wen Yang"]
[Black "Wang Hao"]
[Result "1/2-1/2"]
[WhiteElo "2532"]
[BlackElo "2696"]

1.e4 c5 2.Nf3 Nc6 3.Nc3 e6 4.d4 cxd4 5.Nxd4 Qc7 6.Be2 a6 7.O-O Nf6 8.Kh1 Be7
9.f4 d6 10.Be3 O-O 11.Qe1 Nxd4 12.Bxd4 b5 13.a3 Bb7 14.Qg3 Rad8 15.Rae1 Rd7
16.Bd3 Qd8 17.Nd1 g6 18.Ne3 Nh5 19.Qh3 Nxf4 20.Rxf4 e5 21.Nf5 Bg5 22.Rg4 gxf5
23.exf5 f6 24.Be3 Rg7 25.Bxg5 fxg5 26.a4 Qf6 27.axb5 axb5 28.Qe3 Bc6 29.Rb4 g4
30.Kg1 Rg5 31.g3 h5 32.Qb6 Bd7 33.Qb7 Rf7 34.Qd5 Rxf5 35.Bxf5 Qxf5 36.Qd2 Bc6
37.Rb3 Kg7 38.Rd3 Rf6 39.Rxd6 Qf3 40.Rxc6 Qxc6 41.Qg5+ Kf8 42.Qxe5 Qb6+ 43.Qe3 Qxe3+
44.Rxe3 Rf5 45.c3 Kf7 46.Re2 Kg6 47.Re6+ Kg5 48.Rc6 Rd5 49.b4 Kf5 50.Kf2 Rd2+
51.Ke3 Rxh2 52.Rc5+ Kg6 53.Rxb5 Rg2 54.Rb6+  1/2-1/2

[Event "Algimantas Cesnauskas Mem"]
[Site "Panevezys LAT"]
[Date "2009.04.25"]
[Round "8"]
[White "Neiksans,A"]
[Black "Akesson,R"]
[Result "1-0"]
[WhiteElo "2458"]
[BlackElo "2493"]

1.e4 c5 2.Nf3 e6 3.Nc3 Nc6 4.d4 cxd4 5.Nxd4 a6 6.Be2 d6 7.O-O Nf6 8.Be3 Be7
9.a4 O-O 10.f4 Qc7 11.Kh1 Re8 12.Bf3 Rb8 13.Qe1 Nxd4 14.Bxd4 b5 15.axb5 axb5
16.e5 dxe5 17.fxe5 Nd7 18.Ba7 Rb7 19.Bxb7 Bxb7 20.Qf2 Rf8 21.Bd4 b4 22.Nb5 Qc6
23.Nd6 Bxd6 24.exd6 e5 25.Be3 Qxd6 26.Qd2 Qc6 27.Rf2 b3 28.cxb3 Nf6 29.Qb4 Ne4
30.Rf3 Qd7 31.Kg1 Nf6 32.Rf2 Ne4 33.Re2 Bc6 34.Rc1 h5 35.Bc5 Rc8 36.Rxe4 Bxe4
37.Qxe4 Qd2 38.Qc2 Qg5 39.b4 e4 40.Re1 f5 41.Qc4+ Kh7 42.Qe6  1-0

[Event "ch-Moscow men"]
[Site "Moscow RUS"]
[Date "2009.04.26"]
[Round "4"]
[White "Nikolenko,O"]
[Black "Krapivin,A"]
[Result "1/2-1/2"]
[WhiteElo "2524"]
[BlackElo "2514"]

1.e4 c5 2.Nf3 e6 3.Nc3 Nc6 4.d4 cxd4 5.Nxd4 Nf6 6.Be2 Be7 7.O-O O-O 8.Be3 b6
9.f4 Bb7 10.e5 Nxd4 11.Bxd4 Ne4 12.Nxe4 Bxe4 13.Bf3 Bxf3 14.Qxf3 Qc7 15.c3 Bc5
16.Rad1 d6 17.exd6 Qxd6 18.Kh1 Bxd4 19.Rxd4 Qe7 20.Rfd1 Rad8 21.h3 g6 22.Qd3 Rxd4
23.Qxd4 h5 24.Qd7 Qh4 25.Qxa7 Qf2 26.b3 Qc2 27.Rg1 Qxc3 28.Qxb6 Qd2 29.a4 Qxf4
30.Rd1 Rb8 31.Rd8+ Rxd8 32.Qxd8+ Kh7 33.Qd1 e5 34.a5 e4 35.a6 e3 36.a7 e2
37.Qxe2 Qc1+ 38.Kh2 Qc7+ 39.Kh1 Qc1+ 40.Kh2 Qc7+ 41.Kh1 Qc1+  1/2-1/2

[Event "zt 3.5 Men"]
[Site "Beijing CHN"]
[Date "2009.04.27"]
[Round "10"]
[White "Wen Yang"]
[Black "Xu Jun"]
[Result "1-0"]
[WhiteElo "2532"]
[BlackElo "2498"]

1.e4 c5 2.Nf3 e6 3.d4 cxd4 4.Nxd4 Nc6 5.Nc3 a6 6.f4 d6 7.Be3 Qc7 8.Qf3 Bd7
9.Bd3 Nxd4 10.Bxd4 Ne7 11.O-O Nc6 12.Be3 Be7 13.Qh5 Qa5 14.Qh3 Nb4 15.a3 Nxd3
16.cxd3 Bf6 17.d4 Rc8 18.f5 exf5 19.Nd5 Qd8 20.Qg3 O-O 21.Qxd6 Bh4 22.Nb6 Rc6
23.Qxd7 Qxb6 24.Qxf5 Qxb2 25.e5 Rc2 26.Qf3 Rc3 27.Qf4 Qe2 28.Rf3 Rc2 29.Qg4 h5
30.Qh3 g5 31.Bxg5 Bxg5 32.Raf1 Qd2 33.Rd3 Be3+ 34.Rxe3 Qxd4 35.Kh1 h4 36.Qf3 Rc6
37.Re4 Qc5 38.Rf4 Qe7 39.Qh5 Kg7 40.Rxh4 Rg8 41.Qh7+ Kf8 42.Rhf4 Rg7 43.Qh8+ Rg8
44.Qh5 Rg7 45.Rf6 Kg8 46.Qf3 Rc2 47.e6 Rgxg2 48.exf7+ Kf8 49.Rh6 Qe5 50.Qf4 Rg1+
51.Kxg1 Qg7+ 52.Qg3  1-0

[Event "VI Magistral Hebraica"]
[Site "Sao Paulo BRA"]
[Date "2009.04.27"]
[Round "8"]
[White "Mekhitarian,K"]
[Black "Duarte,Le"]
[Result "1-0"]
[WhiteElo "2503"]
[BlackElo "2341"]

1.e4 c5 2.Nf3 e6 3.d4 cxd4 4.Nxd4 Nc6 5.Nc3 Qc7 6.Be3 a6 7.Qd2 Nf6 8.O-O-O Be7
9.f3 O-O 10.g4 Rd8 11.g5 Ne8 12.h4 b5 13.Qf2 Rb8 14.Nxc6 Qxc6 15.Ne2 Bb7
16.Nd4 Qc7 17.Bd3 d5 18.e5 Qxe5 19.h5 Qc7 20.Qg2 Bc5 21.f4 Nd6 22.g6 Nc4
23.h6 fxg6 24.Bxg6 hxg6 25.Qxg6 Bc8 26.hxg7 Qxg7 27.Qh5 Nxe3 28.Rdg1 Bxd4
29.Qh8+ Kf7 30.Rxg7+ Bxg7 31.Qxd8 Ra8 32.Qc7+ Kg8 33.Qc6 Rb8 34.Qe8+  1-0

[Event "NK Jeugd A"]
[Site "Venlo NED"]
[Date "2009.04.27"]
[Round "4"]
[White "Pruijssers,R"]
[Black "Otte,Mari"]
[Result "1-0"]
[WhiteElo "2442"]
[BlackElo "2349"]

1.e4 c5 2.Nf3 e6 3.d4 cxd4 4.Nxd4 Nc6 5.Nc3 Qc7 6.Be3 a6 7.Qd2 Nf6 8.O-O-O Bb4
9.f3 Ne5 10.Nb3 b5 11.Qe1 Nc4 12.Bd4 O-O 13.e5 Bxc3 14.Bxc3 Nd5 15.Bd4 f6
16.exf6 Nxf6 17.Nc5 e5 18.Bxc4+ bxc4 19.Qxe5 d6 20.Qg3 Nh5 21.Qh4 Nf4 22.Ne4 Bb7
23.Rd2 Bxe4 24.fxe4 Rae8 25.Re1 Ng6 26.Qh5 Qc6 27.Bc3 Rxe4 28.Rxe4 Rf1+ 29.Rd1 Rxd1+
30.Qxd1 Qxe4 31.Qxd6 Qe3+ 32.Qd2 Qe6 33.Qd4 Qf7 34.b3 cxb3 35.axb3 h6 36.Kb2 Nf4
37.Qb6 Nxg2 38.Qxa6 Nf4 39.Qa8+ Kh7 40.Qe4+ Kg8 41.Be5 Nd5 42.Qd4 Qb7 43.Qc5 Kh7
44.Qd6 Qf7 45.Bd4 Qb7 46.Qe6 Nb4 47.Qf5+ Kg8 48.Bc5 Nd5 49.Qe6+ Kh7 50.Qe4+ Kh8  1-0

[Event "NK Jeugd A"]
[Site "Venlo NED"]
[Date "2009.04.27"]
[Round "4"]
[White "Haast,A"]
[Black "Swinkels,R"]
[Result "0-1"]
[WhiteElo "2144"]
[BlackElo "2499"]

1.e4 c5 2.Nf3 e6 3.d4 cxd4 4.Nxd4 Nc6 5.Nc3 Qc7 6.Be3 a6 7.Qd2 Nf6 8.O-O-O Bb4
9.f3 Ne5 10.Nb3 b5 11.Kb1 Nc4 12.Bxc4 bxc4 13.Nc1 Rb8 14.Bf4 e5 15.Bg5 Qb6
16.N1e2 O-O 17.Bxf6 Ba3 18.b3 Qxf6 19.Nd5 Qd8 20.Qe3 d6 21.h4 a5 22.f4 Bg4
23.f5 f6 24.h5 Bc5 25.Qd2 a4 26.h6 g5 27.fxg6 hxg6 28.Qe1 Kh7 29.Rf1 cxb3
30.cxb3 axb3 31.a4 Qd7 32.Rxf6 Qxa4 33.Nec3 Qa7 34.Qg3 Bxd1 35.Qxg6+ Kh8
36.Qf5 Bc2+ 37.Kc1 Rg8 38.Rg6 Rxg6 39.Qxg6 Ba3+ 40.Kd2 Rf8  0-1

[Event "11th Dubai Open"]
[Site "Dubai UAE"]
[Date "2009.04.29"]
[Round "4"]
[White "Bachmann,Ax"]
[Black "Ashwin,J"]
[Result "1-0"]
[WhiteElo "2555"]
[BlackElo "2413"]

1.e4 c5 2.Nc3 e6 3.Nf3 Nc6 4.d4 cxd4 5.Nxd4 Qc7 6.g3 a6 7.Bg2 d6 8.O-O Be7
9.a4 Nf6 10.h3 O-O 11.Be3 Nxd4 12.Qxd4 Bd7 13.Qb4 Bc6 14.Bb6 Qc8 15.Rfd1 Re8
16.Qb3 Nd7 17.Be3 b6 18.Bf4 Qc7 19.Rd2 Ne5 20.Rad1 Bf8 21.Be3 Nd7 22.Qc4 Qb7
23.Bf4 b5 24.axb5 axb5 25.Qb4 Ne5 26.b3 Qb6 27.Be3 Qb7 28.Bf4 Qb6 29.Ne2 Rec8
30.Qd4 Qb8 31.Qb2 Ra6 32.Nd4 Ba8 33.Ra1 Qa7 34.Rdd1 b4 35.Nb5 Qb6 36.Nxd6 Bxd6
37.Bxe5 Bxe5 38.Rxa6 Qxa6 39.Qxe5 Qe2 40.Qd4 h6 41.Rd2 Qe1+ 42.Kh2 Kh7 43.Rd1 Qe2
44.Rd2 Qe1 45.e5 Bxg2 46.Kxg2 Rc3 47.h4 Kg8 48.Qf4 Rc5 49.Rd8+ Kh7 50.Qxf7 Qxe5
51.Re8 Qe4+ 52.Kh2 Re5 53.h5  1-0

[Event "11th Dubai Open"]
[Site "Dubai UAE"]
[Date "2009.04.29"]
[Round "4"]
[White "Fedorov,Alex"]
[Black "Abdulov,Or"]
[Result "1-0"]
[WhiteElo "2611"]
[BlackElo "2339"]

1.e4 c5 2.Nf3 Nc6 3.Nc3 e6 4.d4 cxd4 5.Nxd4 Nf6 6.Nxc6 bxc6 7.e5 Nd5 8.Ne4 Bb7
9.c4 Nb4 10.c5 Qb8 11.Bf4 Ba6 12.Bxa6 Nxa6 13.O-O Qb4 14.Re1 Nxc5 15.Qc2 Be7
16.Rad1 Rb8 17.b3 h6 18.Bd2 Qb5 19.Nd6+ Bxd6 20.exd6 Nd3 21.Re4 O-O 22.Bxh6 f5
23.Re3 Nb4 24.Qc3 Rf7 25.a4 Qa5 26.Rg3 e5 27.Re1 f4 28.Rxg7+ Rxg7 29.Bxg7 Qd5
30.Bxe5 Qd3 31.Qc1 Qf5 32.Bxf4 Nd3 33.Qc4+ Qd5 34.Re4 Rxb3 35.h3 Rb1+ 36.Kh2 Qxc4
37.Rxc4 Kf7 38.Be3 a6 39.Re4 Kf6 40.Re7 Rb7 41.g4 c5 42.h4 Rb4 43.Kg3 Rxa4
44.Bg5+ Kg6 45.f4  1-0

[Event "NK Jeugd A"]
[Site "Venlo NED"]
[Date "2009.04.29"]
[Round "6"]
[White "Pruijssers,R"]
[Black "Swinkels,R"]
[Result "0-1"]
[WhiteElo "2442"]
[BlackElo "2499"]

1.e4 c5 2.Nf3 e6 3.d4 cxd4 4.Nxd4 Nc6 5.Nc3 Qc7 6.Be3 a6 7.Qd2 Nf6 8.O-O-O Bb4
9.f3 O-O 10.g4 Ne5 11.g5 Nh5 12.Kb1 Rb8 13.a3 Bxc3 14.Qxc3 Qxc3 15.bxc3 b6
16.Bh3 g6 17.Bg4 Nc4 18.Bc1 Ng7 19.Ne2 d6 20.Nf4 Bb7 21.h4 e5 22.Nd5 Bxd5
23.Rxd5 Ne6 24.h5 Nc5 25.Rh3 b5 26.Rd1 a5 27.f4 Nxe4 28.hxg6 Nf2 29.gxh7+ Kh8
30.Rh4 Nxd1 31.Bxd1 exf4 32.Bh5 Ne5 33.Bxf4 Rbc8 34.Bc1 Rxc3 35.Be2 Rfc8
36.Bd1 Rg3 37.Rh6 Nc4 38.Be2 Rg1 39.Rh3 Re8  0-1

[Event "IV Tch-ESP Selecciones Autonomicas"]
[Site "Villava ESP"]
[Date "2009.04.30"]
[Round "1"]
[White "Arnedo Ruiz,A"]
[Black "Moreno Gracia,Dan"]
[Result "0-1"]
[WhiteElo "1906"]
[BlackElo "2297"]

1.e4 c5 2.Nf3 e6 3.d4 cxd4 4.Nxd4 Nc6 5.Nc3 Qc7 6.Be3 a6 7.Be2 b5 8.O-O Bb7
9.f3 Nf6 10.Kh1 Be7 11.Rc1 O-O 12.Qe1 Rfd8 13.Qf2 d5 14.exd5 Nxd5 15.Nxd5 Rxd5
16.c4 bxc4 17.Rxc4 Qd7 18.Rfc1 Nxd4 19.Rc7 Qd6 20.Rxb7 Nxe2 21.Qxe2 Rd8 22.g3 Bf6
23.Rcc7 Qe5 24.Qf2 Rd3 25.Bf4 Qd5 26.Kg2 e5 27.Be3 e4 28.f4 Bd4 29.Rxf7 Rxe3  0-1

[Event "TOP 16 GpB"]
[Site "Chalons en Champagne FRA"]
[Date "2009.05.01"]
[Round "5"]
[White "Libiszewski,F"]
[Black "Philippe,C"]
[Result "1-0"]
[WhiteElo "2505"]
[BlackElo "2435"]

1.e4 c5 2.Nf3 e6 3.d4 cxd4 4.Nxd4 Nc6 5.Nc3 a6 6.Nxc6 bxc6 7.Bd3 d5 8.O-O Nf6
9.Re1 Be7 10.e5 Nd7 11.Qg4 g6 12.Na4 O-O 13.Bh6 f5 14.exf6 Nxf6 15.Qg3 Nh5
16.Qe3 Rf7 17.Qb6 Qd6 18.c4 Nf4 19.c5 Qd7 20.Bf1 Bd8 21.Qb4 g5 22.Nb6 Bxb6
23.cxb6 Qd8 24.h4 Rb8 25.Bxg5 Qxb6 26.Qd6 Nh3+ 27.gxh3 Qxf2+ 28.Kh1 Rxb2
29.Be2 Rxe2 30.Rxe2 Qxe2 31.Rg1 h6 32.Bf6+ Kh7 33.Qg3 Qe4+ 34.Rg2 Qxg2+ 35.Kxg2 Rxf6
36.Qc7+ Kg6 37.Qxc8 e5 38.Qg8+  1-0

[Event "2nd Mayors Cup"]
[Site "Mumbai IND"]
[Date "2009.05.01"]
[Round "11"]
[White "Barua,D"]
[Black "Swapnil,SD"]
[Result "1/2-1/2"]
[WhiteElo "2483"]
[BlackElo "2340"]

1.e4 c5 2.Nf3 e6 3.d4 cxd4 4.Nxd4 Nc6 5.Nc3 Qc7 6.Be2 a6 7.O-O Nf6 8.Be3 Bb4
9.Na4 O-O 10.c4 Be7 11.Nc3 b6 12.Rc1 Nxd4 13.Bxd4 d6 14.Qd3 Bb7 15.f4 Nd7
16.f5 Bf6 17.fxe6 fxe6 18.Rcd1 Nc5 19.Qe3 Bxd4 20.Rxf8+ Rxf8 21.Qxd4 Qf7
22.Rf1 Qc7 23.Rxf8+ Kxf8 24.Bg4 e5 25.Qe3 a5 26.b3 Bc6 27.g3 g6 28.h4 Kg7
29.h5 Qe7 30.h6+ Kf7 31.a3 Nxb3 32.Qf2+ Ke8 33.Qxb6 Qb7 34.Qf2 Qf7 35.Nd5 Bxd5
36.cxd5 Qxf2+ 37.Kxf2 Nd2 38.Ke3 Nc4+ 39.Kd3 Nxa3 40.Bd1 Ke7 41.Ba4 Kf6 42.Kc3 Kg5
43.Kb3 Nb1 44.Kc2 Na3+ 45.Kb3 Nb1 46.Kc2 Kxh6 47.Kxb1 Kg5 48.Bd7 h5 49.Be8 Kh6
50.Kc2 g5 51.Kd3 h4 52.gxh4 gxh4 53.Bd7 Kg5 54.Ke3 Kh5 55.Kf2 Kg5 56.Kf3 Kh5
57.Be8+ Kg5 58.Bd7 Kh5 59.Be8+  1/2-1/2

[Event "2nd Mayors Cup"]
[Site "Mumbai IND"]
[Date "2009.05.01"]
[Round "11"]
[White "Shyam,N"]
[Black "Das,Arg"]
[Result "1/2-1/2"]
[WhiteElo "2376"]
[BlackElo "2424"]

1.e4 c5 2.Nf3 e6 3.d4 cxd4 4.Nxd4 Nc6 5.Nc3 Qc7 6.Be2 a6 7.O-O Nf6 8.Be3 Be7
9.f4 d6 10.Kh1 O-O 11.a4 Re8 12.Bg1 Bd7 13.Qd3 Nxd4 14.Bxd4 e5 15.fxe5 dxe5
16.Qg3 Bd8 17.Be3 Kh8 18.Bg5 Be6 19.Rad1 Be7 20.Qh4 Rad8 21.Bd3 Ng8 22.Bxe7 Qxe7
23.Qh5 Qc5 24.Nd5 Bxd5 25.exd5 e4 26.Be2 Nf6 27.Rxf6 gxf6 28.Qxf7 Qe7 29.Qxe7 Rxe7
30.c4 a5 31.Rf1 Kg7 32.Kg1 Re5 33.Rb1 Rd6 34.Kf2 e3+ 35.Kf3 Kf8 36.Bd3 Ke7
37.Ke2 h5 38.b3 Kd7 39.Rf1 Kc7 40.Rc1 Rd7 41.Rf1 Rd6 42.Rc1 Rb6 43.Rc3 Rb4
44.Bc2 Kd6 45.Rxe3 Rb6 46.Rxe5 Kxe5 47.Ke3 f5 48.Bd1 h4 49.h3 Rg6 50.Bf3 Rb6
51.Bd1 Rg6 52.Bf3 Rb6 53.Bd1  1/2-1/2

[Event "NK Jeugd A"]
[Site "Venlo NED"]
[Date "2009.05.01"]
[Round "8"]
[White "Kleijn,C"]
[Black "Burg,T"]
[Result "1-0"]
[WhiteElo "2320"]
[BlackElo "2362"]

1.e4 c5 2.Nf3 e6 3.Nc3 Nc6 4.d4 cxd4 5.Nxd4 Qc7 6.Be2 a6 7.O-O Nf6 8.Be3 Be7
9.f4 d6 10.Kh1 O-O 11.a4 Re8 12.Qd2 Na5 13.Qd3 d5 14.e5 Nd7 15.Bg1 b6 16.Bh5 Bb7
17.f5 Nxe5 18.Qg3 Bd6 19.fxe6 fxe6 20.Bxe8 Rxe8 21.Qh3 Bc8 22.Rae1 Bd7 23.Nf3 Nac6
24.Qh5 Re7 25.Nxe5 Nxe5 26.Qe2 Qc8 27.Bxb6 Nc4 28.Bd4 Bc6 29.Ne4 Bb8 30.Ng5 Qc7
31.Qh5 g6 32.Qh6 Qc8 33.Nxh7 Bxh2 34.Qxg6+ Rg7 35.Qxg7+  1-0

[Event "IV Tch-ESP Selecciones Autonomicas"]
[Site "Villava ESP"]
[Date "2009.05.01"]
[Round "3"]
[White "Rodriguez Lopez,Ra"]
[Black "Moreno Gracia,Dan"]
[Result "1/2-1/2"]
[WhiteElo "2299"]
[BlackElo "2297"]

1.e4 c5 2.Nf3 e6 3.d4 cxd4 4.Nxd4 Nc6 5.Nc3 Qc7 6.Be3 a6 7.Qd2 Nf6 8.f4 Bb4
9.Bd3 Na5 10.Nde2 Nc4 11.Bxc4 Qxc4 12.e5 Ne4 13.Qd3 Qxd3 14.cxd3 Nxc3 15.bxc3 Be7
16.O-O d6 17.Ng3 Bd7 18.Ne4 d5 19.Nc5 Rc8 20.Nxd7 Kxd7 21.Rfb1 Rxc3 22.Rxb7+ Rc7
23.Rab1 Rc8 24.Bd4 Rxb7 25.Rxb7+ Rc7 26.Rb6 Rc6 27.Rb7+ Rc7 28.Rb6 Rc1+ 29.Kf2 Rc2+
30.Kf3 Rxa2 31.Rb7+ Ke8 32.Rb8+ Kd7 33.Rb7+ Ke8 34.Rb8+ Kd7 35.Rb7+ Ke8  1/2-1/2

[Event "IV Tch-ESP Selecciones Autonomicas"]
[Site "Villava ESP"]
[Date "2009.05.01"]
[Round "3"]
[White "Candela Perez,J"]
[Black "Gonzalez Menendez,I"]
[Result "1-0"]
[WhiteElo "2411"]
[BlackElo "2413"]

1.e4 c5 2.Nf3 e6 3.d4 cxd4 4.Nxd4 Nc6 5.Nc3 Qc7 6.Be2 a6 7.O-O Nf6 8.Be3 Bb4
9.Na4 Be7 10.Nxc6 bxc6 11.Nb6 Rb8 12.Nxc8 Qxc8 13.Bd4 c5 14.Be5 Rb6 15.Qd3 O-O
16.b3 d6 17.Bc3 Nd7 18.Rad1 Bf6 19.Ba5 Rc6 20.Qg3 Ne5 21.f4 Ng6 22.Kh1 Kh8
23.Bf3 Bh4 24.Qg4 Be7 25.e5 d5 26.c4 f5 27.exf6 Rxf6 28.g3 d4 29.Bxc6 Qxc6+
30.Qf3 Qxf3+ 31.Rxf3 e5 32.Re1 Bd6 33.fxe5 Nxe5 34.Rxf6 gxf6 35.Kg2 Kg7 36.Bd2 Kf7
37.Rf1 Nd3 38.Kf3 Ke6 39.Ke2 Ne5 40.Bf4 Nf7 41.Bxd6 Nxd6 42.Rf4 Nf7 43.Re4+ Ne5
44.Rh4 d3+ 45.Ke3 d2 46.Ke2  1-0

[Event "84th ch-ARG Semifinal"]
[Site "La Plata ARG"]
[Date "2009.05.02"]
[Round "4"]
[White "Tenti,J"]
[Black "Duarte,Le"]
[Result "0-1"]
[WhiteElo "2125"]
[BlackElo "2341"]

1.e4 c5 2.Nf3 e6 3.d4 cxd4 4.Nxd4 Nc6 5.Nc3 Qc7 6.Be3 a6 7.Bd3 Nf6 8.O-O Nxd4
9.Bxd4 Bc5 10.Bxc5 Qxc5 11.Qe2 d6 12.Kh1 O-O 13.f4 e5 14.Rae1 Bd7 15.Bc4 exf4
16.Rxf4 Qe5 17.Ref1 Be6 18.Qd3 b5 19.Bb3 Rac8 20.a3 Rc5 21.Qf3 Rc7 22.Qd3 Rfc8
23.h3 Rc5 24.R4f3 h6 25.Rd1 R5c6 26.Rdf1 Re8 27.Rf4 Qg5 28.Nd5 Bxd5 29.Bxd5 Nxd5
30.exd5 Rc7 31.Qf3 Ree7 32.c3 g6 33.h4 Qe5 34.Rf6 h5 35.Rf2 Kg7 36.Rf1 Rcd7
37.Rf4 f5 38.a4 Rc7 39.axb5 axb5 40.Ra1 Rc4 41.Rxc4 bxc4 42.Kg1 Kf6 43.Kf2  0-1